Loading...
| Social Science | 0 | 3 | 1 | 0 | 25 | 24 | 62.00 | 2 | 3 | 14.17 | 25.45 |
| Philosophy | 0 | 2 | 0 | 0 | 20 | 32 | 83.50 | 0 | 1 | 6.77 | 12.73 |
| History - World | 0 | 2 | 0 | 1 | 20 | 98 | 115.00 | 0 | 0 | 1.95 | 7.27 |
| Fine Arts - Painting and Sculpture | 0 | 2 | 0 | 0 | 20 | 110 | 112.50 | 0 | 0 | 3.03 | 9.09 |
| History - American | 0 | 2 | 1 | 0 | 15 | 83 | 89.50 | 1 | 2 | 5.77 | 17.27 |
| Literature - World | 0 | 1 | 0 | 0 | 10 | 132 | 132.00 | 0 | 1 | 0.87 | 6.36 |
| Fine Arts - Other | 0 | 1 | 0 | 0 | 10 | 130 | 130.00 | 0 | 0 | 0.21 | 1.82 |
| Literature - American | 0 | 1 | 0 | 0 | 10 | 120 | 120.00 | 0 | 0 | 1.52 | 2.73 |
| Current Events | 0 | 1 | 0 | 0 | 10 | 95 | 95.00 | 0 | 0 | 6.94 | 10.00 |
| Science - Chemistry | 0 | 1 | 0 | 0 | 10 | 120 | 120.00 | 0 | 0 | 0.76 | 2.73 |
| Science - Biology | 0 | 1 | 1 | 0 | 5 | 57 | 57.00 | 1 | 1 | 5.10 | 9.09 |
| History - Other | 0 | 1 | 2 | 0 | 0 | 110 | 110.00 | 0 | 1 | 1.15 | 7.27 |
| Science - Other | 0 | 0 | 0 | 0 | 0 | 0.00 | 0 | 0 | 0.00 | 0.00 | |
| Literature - European | 0 | 0 | 1 | 0 | -5 | 0.00 | 0 | 0 | 0.00 | 0.00 | |
| Religion | 0 | 0 | 1 | 0 | -5 | 0.00 | 0 | 0 | 0.00 | 0.00 | |
| Science - Physics | 0 | 0 | 2 | 0 | -10 | 0.00 | 0 | 0 | 0.00 | 0.00 | |
| Fine Arts - Classical Music | 0 | 0 | 3 | 0 | -15 | 0.00 | 0 | 0 | 0.00 | 0.00 | |
| Mythology | 0 | 0 | 4 | 0 | -20 | 0.00 | 0 | 0 | 0.00 | 0.00 |